00918nam a22002537a 450000500170000001000130001702000100003003500130004003700160005304000120006908200130008110000230009424500600011726000390017727000440021630000210026065000290028165000270031070000100033794200220034799900190036995201220038895201540051020170124110055.0 aA-454328 c60.00 aA-454328 bCen Lib/Ret aDPLbEN a651bABU aAbul Hashem926183 aOffice procedure drafting & nothing /cby Abul Hashem aNew DelhibRamesh Publishing House a12-H, New Darya GanjbNew Delhie110002 a480p. c20cm(Hb) aOffice procedures926184 aOffice Drafting926185 926141 2ddccENh651mABU c129376d129376 00104070aLbLd2015-07-06eCen Lib/Retg60.00l0o651 ABUpA-454328r2015-07-06 00:00:00t1v60.00w2015-07-06yEN 04102ddc4070aLbLd2016-11-03g60.00l0o651 ABUpA-897018r2016-11-03 00:00:00t2v60.00w2016-11-03yENzW/d List No. 6863/19 ; dtd 06/08/2020